| 000 | 00589nam a2200241 a 4500 | ||
|---|---|---|---|
| 001 | nice12345678 | ||
| 003 | IN_TiNIC | ||
| 005 | 20260116013302.0 | ||
| 008 | 050524s1994 dela grp 000 0 eng | ||
| 020 |
_a _c65 |
||
| 082 | 0 | 0 |
_a270.820954 _bPHI |
| 100 | _aPhilim, T V | ||
| 245 | _aEcumenism in Asia | ||
| 260 |
_aDelhi _bISPCK _c1994 |
||
| 300 | _a174p | ||
| 500 | _aincludes index and biblioraphy | ||
| 505 | 2 | _aCollection of essays and talks 1992 - 1996 | |
| 650 | _aEcumenicalism-Asia | ||
| 700 | 1 | _aPhilim, T V | |
| 902 | _bSRS | ||
| 942 | _cBK | ||
| 999 |
_c10407 _d10407 |
||